| 000 | 01319cam a2200397 4500 | ||
|---|---|---|---|
| 999 |
_c23245 _d23245 |
||
| 001 | vtls011893517 | ||
| 005 | 20220428130420.0 | ||
| 008 | 200507s2019 xo gr 010 f slo | ||
| 020 |
_a9788055168913 _q(viazané) |
||
| 035 | _aurn:nbn:sk:snk-am00dyju | ||
| 035 | _aurn:nbn:sk:snk-am3i9k0 | ||
| 035 | _a4C467BCA-6312-46F3-92BB-9CE6162BA049 | ||
| 040 |
_aPPPK _bslo _cPPPK _dSNK _erda |
||
| 041 | 1 |
_aslo _heng |
|
| 044 |
_axo _cSK |
||
| 072 | 7 |
_a821.111-3 _xAnglická próza, anglicky písaná _2konspekt |
|
| 080 |
_a821.111-31 _22011 |
||
| 080 |
_a821-312.4 _22011 |
||
| 100 | 1 |
_aForsyth, Frederick, _d1938- _4aut _91789 |
|
| 240 | 1 | 4 |
_aThe fox _lSlovensky |
| 245 | 1 | 0 |
_aLíška _cFrederick Forsyth ; preložila Elena Diamantová |
| 264 | 1 |
_aBratislava _bIkar _c2019 |
|
| 300 |
_a278 strán _c21 cm |
||
| 336 |
_atext _btxt _2rdacontent |
||
| 337 |
_abez média _bn _2rdamedia |
||
| 338 |
_azväzok _bnc _2rdacarrier |
||
| 500 | _aPreložené z angličtiny | ||
| 500 | _aObsahuje biografické údaje o autorovi na prebale publikácie | ||
| 655 | 7 |
_aanglické romány _2SNKPH _98 |
|
| 655 | 7 |
_atrilery (romány) _2SNKPH _92135 |
|
| 655 | 7 |
_aEnglish fiction _2SNKPHeng _99 |
|
| 655 | 7 |
_aThrillers (novels) _2SNKPHeng _91722 |
|
| 700 | 1 |
_aDiamantová, Elena, _d1949- _4trl _91489 |
|
| 958 | _aLX | ||
| 958 | _aUP | ||